• 首页
  • 本馆介绍
  • 公告通知
  • 最新文献
  • 馆藏检索
  • 电子资源
  • 读者导购
  • 参考咨询
  • 我的图书馆
  • 登录
  • 详细信息显示
  • 放入我的书架
  • 预约/预借图书
  • 作者相关作品
  • 分类相关作品
  • 丛书相关作品
  • 出版社相关作品

书目信息

  • 表格格式
  • 工作单格式
  • 卡片格式
题名:
敦煌雕塑
    
 
作者:
分册:   魏晋南北朝
出版信息: 南京   江苏美术出版社  1998
页数: 46页
开本: 28cm
丛书名: 敦煌石窟艺术精品丛书
单 册:
中图分类: J323 , J323
科图分类:
主题词: 敦煌石窟--雕塑--魏晋南北朝时代--图集 , 雕塑 , 敦煌石窟 , 雕塑--中国 , 雕塑--作品--中国 , 雕塑--中国 , 雕塑--作品--中国
电子资源:
ISBN: 7-5344-0851-2
000 00823nam2 2200313 450
001 1251369839
005 20121020141853.70
010    @a7-5344-0851-2@dCNY28.00
100    @a20021005d1998 emky0chiy0110 ea
101 0  @achi
102    @aCN@b320000
105    @aa z 000yy
106    @ar
200 1  @a敦煌雕塑@Adun huang diao su@i魏晋南北朝
210    @a南京@c江苏美术出版社@d1998
215    @a46页@d28cm
225 2  @a敦煌石窟艺术精品丛书
410  0 @12001 @a敦煌石窟艺术精品丛书
606 0  @a敦煌石窟@x雕塑@z魏晋南北朝时代@x图集
606 0  @a雕塑
606 0  @a敦煌石窟
606 0  @a雕塑@x中国
606 0  @a雕塑@x作品@x中国
606 0  @a雕塑@x中国
606 0  @a雕塑@x作品@x中国
690    @aJ323@v3
690    @aJ323@v4
801  0 @aCN@bNLC@c19981127
905    @a10447@dJ323@eJY7
    
    敦煌雕塑.魏晋南北朝.-南京:江苏美术出版社,1998
    46页;28cm .-(敦煌石窟艺术精品丛书 )
    
    
    ISBN 7-5344-0851-2:CNY28.00
    
●
相关链接 在E读中查询图书 在五车中查询图书 在当当中查询图书 在豆瓣中查询图书


正题名:敦煌雕塑     索取号:J323/JY7         预约/预借

序号 登录号 条形码 馆藏地/架位号 状态 备注
1 7832907   278329079   学院路分馆/ [索取号:J323/JY7] 在馆    
唐山师范学院图书馆 欢迎您!
大连网信软件有限公司© 版权所有